000 00875nam a2200253 a 4500
001 000037873
003 DO-SdBNP
005 20230119072215.0
007 ta
008 130307s1981 dr 000 0 spa d
040 _aDO-SdBNP
_bspa
_cBNPHU
082 _222
_a347.05
_bG993p
100 1 _aGuzmán A., Fabio J.
_964319
245 1 3 _aEl procedimiento en defecto en materia civil y comercial despues de las reformas de la ley 845 de 1978 /
_cFabio J. Guzmán A.
260 _aSanto Domingo :
_bUniversidad Católica Madre y Maestra,
_c1981.
300 _a139 p. ;
_c22 cm.
500 _aIncluye notas al pie de las páginas
504 _aBbiliografía : p. 135-138
590 _aInventariado, 2023 / DG
650 4 _aDerecho procesal
_zRepública Dominicana
_913091
650 4 _aProcedimiento civil
_zRepública Dominicana
_916575
910 _aDG
942 _2ddc
_cLBS1
999 _c37363
_d37363